| 000 | 01445nam a2200277Ia 4500 | ||
|---|---|---|---|
| 005 | 20220317000029.0 | ||
| 008 | 141031s9999 xx 000 0 und d | ||
| 020 | _a9789583005732 | ||
| 100 | 1 | 0 |
_aNiño, Jairo Aníbal _d1941-2010 |
| 245 | 1 | 3 |
_aEl quinto viaje y otras historias del Nuevo Mundo _cJairo Aníbal Niño ; ilustraciones de Juanita Isaza |
| 250 | _a1a ed., 8a reimpr. | ||
| 300 |
_a153 páginas _bilustraciones _c23 cm. |
||
| 505 | _aEl descubridor del mar del sur. -- Las flores inmortales. -- El navegante. -- Claroscuro. -- Las aves. -- Corazón salvaje. -- Tierra! Tierra!. -- El árbol de la bondad. -- El burro conquistador. -- La guaca. -- El pirata jardinero. -- El encuentro. -- El | ||
| 650 | 1 | 4 |
_a Autores colombianos _2LEMB _y Siglo XX |
| 650 | 1 | 4 |
_a Cuentos colombianos _2LEMB _y Siglo XX |
| 650 | 1 | 4 |
_aLiteratura infantil colombiana _2LEMB _ySiglo XX |
| 700 | 1 | 0 |
_aIsaza, Juanita _911257 |
| 740 | _aClaroscuro \ Corazón salvaje \ El árbol de la bondad \ El burro conquistador \ El descubridor del mar del sur \ El encuentro \ El navegante \ El nuevo reino de don Juan Tenorio \ El palenque \ El pirata jardinero \ El quinto viaje \ La guaca \ Las aves \ | ||
| 942 |
_2loc _cBK |
||
| 264 |
_aBogotá _bPanamericana _c2011 |
||
| 336 |
_atexto _btxt _2rdacontent |
||
| 337 |
_asin mediación _bn _2rdamedia |
||
| 338 |
_avolumen _bnc _2rdacarrier |
||
| 040 |
_aCO-BoRNBP _bspa _erda _cCO-BoRNBP |
||
| 084 | _aC NIÑ1 | ||
| 999 |
_c2939 _d2939 |
||